Filosofía del derecho

Uloženo v:
Podrobná bibliografie
Hlavní autoři: Del Vecchio, Giorgio (autor), Recasens Siches, Luis (Autor)
Médium: Kniha
Jazyk:španělština
Vydáno: Ciudad de México UTEHA 1946
Témata:
Tagy: Přidat tag
Žádné tagy, Buďte první, kdo vytvoří štítek k tomuto záznamu!

MARC

LEADER 00000nam a2200000 a 4500
001 UCS9675
003 CL-VaPUC
008 971121e19460000MX |||||||||||||||||spa|d
082 0 4 |a 340.1  |b DEL  |2 21 
100 |a Del Vecchio, Giorgio  |e autor   |9 255040 
700 0 |a Recasens Siches, Luis  |e author  |9 394390 
245 1 0 |a Filosofía del derecho 
246 1 0 |a Estudios de filosofía del derecho 
300 |a v 
942 |c BK 
945 |d 19971121 00:00:00  |a cmena 
260 |a Ciudad de México  |b UTEHA  |c 1946 
500 |a A cada autor le corresponde un trabajo 
500 |a v.1: Parte sistemática 
650 0 |a Filosofía del derecho   |9 255050 
650 0 |a Jurisprudencia  |9 255952 
650 0 |a Normas jurídicas  |9 258310 
650 0 |a Derecho comparado  |9 255664 
650 0 |a Justicia   |9 255408 
650 0 |a Metafísica  |9 265649 
650 0 |a Escuelas filosóficas   |9 266232 
650 0 |a Etica y derecho  |9 341370 
650 0 |a Fuentes del derecho   |9 255162 
650 0 |a Derecho subjetivo  |9 256705 
650 0 |a Obligaciones   |9 255578 
650 0 |a Estado y derecho  |9 255403 
650 0 |a Naturaleza humana   |9 308593 
583 |a last modification  |c 19971121 00:00:00  |k Rodrigo Vera 
999 |c 263436  |d 263434 
952 |0 0  |1 0  |4 0  |6 340_100000000000000_DEL_1946  |7 0  |8 DER_TF  |9 292757  |a BIBDER  |b BIBDER  |d 2019-11-19  |h v.1  |i 1904582  |o 340.1 DEL 1946  |p 1904582  |r 2023-01-25  |w 2019-11-19  |x Ubicación 4to Piso  |y BK  |z Estos recursos deben solicitarse con anticipación  |k DER